Obejde se Evropská unie bez ruských plynovodů nebo spíš Rusko bez EU?
Zmena stratégie dodávok plynu na strane EÚ a následne Ruska.
Salvato in:
| Autore principale: | |
|---|---|
| Natura: | Capitolo di libro |
| Lingua: | ceco |
| Soggetti: | |
| Tags: |
Nessun Tag, puoi essere il primo ad aggiungerne!!
|
MARC
| LEADER | 00000naa a2200000 4500 | ||
|---|---|---|---|
| 001 | 0199513 | ||
| 005 | 20231204100134.0 | ||
| 041 | 0 | |a cze | |
| 044 | |a CZ | ||
| 245 | 1 | 0 | |a Obejde se Evropská unie bez ruských plynovodů nebo spíš Rusko bez EU? |c Vladimír Štěpán |
| 520 | |a Zmena stratégie dodávok plynu na strane EÚ a následne Ruska. | ||
| 610 | 2 | 0 | |a Európska únia |
| 610 | 2 | 0 | |a Rusko |
| 610 | 2 | 0 | |a bezpečnosť energetická |
| 610 | 2 | 0 | |a plyn zemný |
| 610 | 2 | 0 | |a plynovody |
| 610 | 2 | 0 | |a politika energetická |
| 100 | 1 | |a Štěpán, Vladimír | |